000 00798nam a22002297a 4500
999 _c7434
_d7434
001 21015
003 BD-DhUAP
005 20210121152222.0
008 210121r20122020bg a|||| |||| 00| 0 eng d
020 _a9847007609437
040 _aBD-DhUAP
_bEng
_cBD-DhUAP
_dBD-DhUAP
082 _223
_a923.1 HOS
100 _aHossain, Selina.
245 _aOur beloved Sheikh Mujib /
_cSelina Hossain ; Translated by Ishraq Zara Khan.
260 _aDhaka :
_bBangladesh Shishu Academy,
_c2011 [2020].
300 _a48 pages :
_billustrations ;
_c25 cm.
490 _aFather of the Nation Bangabandhu Sheikh Mujibur Rahman Children-Books Series-4.
600 _aRahman, Bangabandhu Sheikh Mujibur
_d1920-1975
_vBiography.
650 _aPolitician
_vBiography.
700 _aKhan, Ishraq Zara.
942 _2ddc
_cBK